Alphabet Golf - Statistics

General Stats
  • This quiz has been taken 7 times
  • The average score is 8 of 26
Answer Stats
Hint Answer % Correct
A, The greatest shot in all of golf Ace
83%
E, finishing a round at par even
83%
H, certain number of strokes to make play equal Handicap
67%
D, a hole going sharp to the left or right Dogleg
50%
F, the spot of grass between green and rough/fairway Fringe
50%
P, a second shot played when your original might be OB Provisional
50%
R, a place to practice your shots Range
50%
C, ball flight that goes left Cut
33%
L, a type of putt meant to make a easier second putt Lag
33%
O, a place that you have to take a drop if you hit it in Out of Bounds
33%
S, a type of shot meant to keep very low Stinger
33%
T, a shot where you almost miss the ball Top
33%
U, a term to say you hit the chip then made the putt Up and Down
33%
Z, when you want the ball to spin you put this on it Zip
33%
B, type of grass at PH Bluegrass
17%
I, the most common golf grip Interlocking
17%
K, a format where the worst score is out Knockout
17%
M, a "extra" shot hit after another golf shot Mulligan
17%
V, a golf brand known for their eccentric balls Vice
17%
W, a term used for a low ground shot Worm Burner
17%
Y, the phenomenon where you lose mind muscle connection Yips
17%
G, a brand, company, and golf entertainment group Good Good
0%
J, Eggs fav golfer Justin Thomas
0%
N, The famous hole at Paynes Valley Nineteenth
0%
Q, Sometimes eggs does this quit
0%
X, Tornado, 1975, ohio xenia
0%
No matching quizzes found
Score Distribution
Percent of People with Each Score
Percentile by Number Answered
Your Score History
You have not taken this quiz